000 00296 a2200109 4500
001 ART_6848
005 20260410161621.0
008 260409a
245 1 0 _aIntroducción de NIIF (IFRS)
100 1 _aSlosse, Carlos Alberto
773 0 _tEnfoques
_g- Nº 8 (ago. 2010)
_wREV416
999 _c11571
_d11571